Periodic Table Elements Beginning With R - Statistics

General Stats
  • This quiz has been taken 185 times
    175 since last reset
  • The average score is 7 of 8
Answer Stats
Element % Correct
Radium
96%
Radon
93%
Rutherfordium
89%
Ruthenium
86%
Rhodium
84%
Rubidium
81%
Rhenium
74%
Roentgenium
68%
No matching quizzes found
Score Distribution
Percent of People with Each Score
Percentile by Number Answered
Your Score History
You have not taken this quiz since the last reset